Toto je Kórea

Enregistré dans:
Détails bibliographiques
Auteur principal: Kim, Soo
Format: Livre
Langue:slovaque
Publié: Bratislava IKAR 2020
Édition:1. vydanie
Sujets:
Tags: Ajouter un tag
Pas de tags, Soyez le premier à ajouter un tag!

MARC

LEADER 00000nam a2200000 4500
001 0291120
005 20240417073814.1
020 |a 978-80-551-7611-6 
041 0 |a slo 
044 |a SK 
245 1 0 |a Toto je Kórea  |c Soo Kim 
250 |a 1. vydanie 
264 1 |a Bratislava  |b IKAR  |c 2020 
300 |a 224 s. 
610 2 0 |a reálie 
610 2 0 |a dejiny 
610 2 0 |a geografia 
610 2 0 |a umenie 
610 2 0 |a ruch cestovný 
610 2 0 |a Kórea 
100 1 |a Kim, Soo